| 000 | 00889nam a22002531 4500 | ||
|---|---|---|---|
| 005 | 19681225000000.0 | ||
| 008 | 710622s1966 enka 000 0 eng | ||
| 010 | _aENG-91204 | ||
| 020 |
_a9780070668638 _c225.00 |
||
| 020 | _a0070668639 | ||
| 035 | _aEN-74737 | ||
| 037 | _bDBAD / PUB | ||
| 040 |
_adpl _bEnglish |
||
| 082 | _a604.2 | ||
| 100 | _aAgrawal, Basant | ||
| 245 |
_aEngineering drawing: _cby Basant Agrawal [and] C.M. Agrawal |
||
| 260 |
_aNew Delhi _bTata McGraw-Hill Publishing _c2008 |
||
| 300 |
_aVarious pagings: _bill. _c25 cm (pbk) |
||
| 500 | _aIncludes index | ||
| 650 | _aMechanical drawing. | ||
| 700 | _a Agrawal, C.M. | ||
| 942 |
_2ddc _cEN _h604.2 _mAGR |
||
| 999 |
_c16354 _d16354 |
||